000 00577nam a2200241 a 4500
001 nice12345678
003 IN_TiNIC
005 20260116011308.0
008 050524s0000 agra grp 000 0 urd
020 _a
_c100
082 0 0 _a297.5
_bMUH
100 _aMuhabbul Haq, Syed
245 _aBalaghul Haq
260 _aAgra
_bAzeezi Press
_c0000
300 _a196p
500 _aincludes index and biblioraphy
505 2 _aHand Written Manuscript
650 _aIslam-Moral Theology
700 1 _aMuhabbul Haq, Syed
902 _bSRS
942 _cBK
999 _c254
_d254